<?xml version="1.0" encoding="UTF-8"?>
<collection xmlns="http://www.loc.gov/MARC21/slim">
  <record>
    <leader>00000nam  2200000   4500</leader>
    <controlfield tag="001">INLIS000000000018201</controlfield>
    <controlfield tag="005">20240909101831</controlfield>
    <datafield tag="035" ind1="#" ind2="#">
      <subfield code="a">0010-0924000030</subfield>
    </datafield>
    <controlfield tag="007">ta</controlfield>
    <controlfield tag="008">240909################|##########|#|##</controlfield>
    <datafield tag="084" ind1="#" ind2="#">
      <subfield code="a">R 056 PIM I 2023</subfield>
    </datafield>
    <datafield tag="100" ind1=" " ind2="#">
      <subfield code="a">Adin Bondar</subfield>
    </datafield>
    <datafield tag="245" ind1="1" ind2="#">
      <subfield code="a">Penguatan Literasi Keluarga Berbasis Digital Mobile dalam Mendukung Transformasi Perpustakaan Inklusi Sosial untuk Kesejahteraan /</subfield>
      <subfield code="c">Adin Bondar</subfield>
    </datafield>
    <datafield tag="260" ind1="#" ind2="#">
      <subfield code="a">Jakarta :</subfield>
      <subfield code="b">Pusbangkom Pimnas dan Manajerial ASN,</subfield>
      <subfield code="c">2023</subfield>
    </datafield>
    <datafield tag="300" ind1="#" ind2="#">
      <subfield code="a">163 halaman ;</subfield>
      <subfield code="c">30 cm</subfield>
    </datafield>
    <datafield tag="650" ind1="#" ind2="4">
      <subfield code="a">Literasi Keluarga</subfield>
    </datafield>
    <datafield tag="650" ind1="#" ind2="4">
      <subfield code="a">Digital Mobile</subfield>
    </datafield>
    <datafield tag="650" ind1="#" ind2="4">
      <subfield code="a">Transformasi Perpustakaan</subfield>
    </datafield>
    <datafield tag="520" ind1="#" ind2="#">
      <subfield code="a">Penguatan literasi keluarga berbasis digital menjadi sangat penting dan prioritas agar masyarakat mendapatkan akses pengetahuan sebagai tuntunan hidup mulai sejak pranikah, menikah (keluarga muda), dan anak usia emas "Golden Age" sehingga terbangun kecerdasan kognetif, dan karakter kuat melalui ketersedian sumber informasi dan pengetahuan. Masyarakat membutuhkan platform informasi dan edukasi literasi. Trobosan inovasi penguatan literasi digital berbasis digital mobile baru di Indonesia sebagai platform tunggal untuk penguatan literasi keluarga. Kehadiran akses layanan perpustakaan Broadcast Message Notification dan Digital Access Mobile sebagai perluasan layanan transformasi perpustakaan berbasis inklusi sosial yang selama ini dilaksanakan secara konvensional. Penguatan Literasi Keluarga Digital Mobile berupa Broadcast Message Notification melalui WhatsApp Green Tich Perpustakaan Nasional RI dan Digital Access Mobile dalam www.perpusnas.go.id, bintangpusnas.edu, titik baca yang menjadi platform akses informasi dan pengetahuan digital.</subfield>
    </datafield>
    <datafield tag="856" ind1="#" ind2="#">
      <subfield code="a">Perpustakaan LAN Pusat</subfield>
    </datafield>
    <datafield tag="990" ind1="#" ind2="#">
      <subfield code="a">24.09.056</subfield>
    </datafield>
  </record>
</collection>
